000 00396nam a2200157Ia 4500
008 210716s2011 xx 000 0 und d
020 _a9788189547332
041 _aeng
082 _a658.8342 GAUN
100 _aGautam, Neeran; Jain, Kokil.
245 _aConsumer behaviour.
250 _a1
260 _aNew Delhi
_bWisdom Publicatioms
_c2011
300 _a394
650 _aConsumer Behavior
999 _c207682
_d207682